000 01997nam a2200313 c 4500
003 BLK
005 20180422115422.0
008 180411b bul|||||r ||||||| ||bul||
010 _aKNG00194523000
040 _aBLK
041 _aBUL
_cBUL
080 _aЖитни растения. Зърнени култури
_b633.1
_x
_z633.1
100 1 _aСтефанов, Тодор Г.
_eпърви автор
_9343839
700 1 _aСтефанов, Тодор Г.
_eпод ред. на
_9384284
700 1 _aПеев, Христо
_eпод ред. на
_9376251
139 _aЕчемикът в България
_bЕ 98
245 1 0 _aЕчемикът в България
_bИзследване
_cТодор Г. Стефанов; под ред. на Тодор Г. Стефанов; под ред. на Христо Пеев.
257 _aBGR
260 София
_bЗемиздат
_c1986
_fХасково : Ат. Стратиев
300 _a256 с.
_bс ил., табл., диагр.
_c25 см
380 _a63
500 _aДруги авт. : Х. Пеев, Б. Граматиков, С. Запрянов, Т. Брешков, П. Вълчанов, Х. Горастев, Д. Драганов, Н. Лазаров, П. Пенчев, Х. Николов, К. Гечев, М. Граматикова, Н. Мерсинков, Я. Енчев, И. Тодоров, В. Хараланов, Й. Бургазова, А. Василев, П. Жеков, С. Станков, С. Станчев, С. Димов, Р. Раднев, И. Михов, Г. Господинов, С. Навущанов, Г. Тренчев, П. Пеев, отбелязани на гърба на загл. с. - Пълното име на авт. И. Михов е Иван Михов Ярмов. - 1 300 тир.
650 4 _aЕчемик - агротехника
_9303613
852 _aЦб 141989
856 4 _qpdf
_u
856 4 _qpdf
_u
942 _cKNG
_n0
944 _aCR
_c26.10.2016
_kКина_Георгиева
944 _aED
_c26.10.2016
_kКина_Георгиева
999 _c185529
_d185529